Taylor Swift - Celebrities in Opalite Music Video Picture Quiz - Statistics

General Stats
  • This quiz has been taken 15 times
  • The average score is 5 of 7
Answer Stats
Picture Answer % Correct
Taylor Swift
90%
Graham Norton
80%
Lewis Capaldi
80%
Cillian Murphy
70%
Domhnall Gleeson
60%
Greta Lee
50%
Jodie Turner-Smith
20%
No matching quizzes found
Score Distribution
Percent of People with Each Score
Percentile by Number Answered
Your Score History
You have not taken this quiz